Les attractions de Disneyland Paris par images - Statistiques

Statistiques générales
  • Ce quiz a été pris 452 fois
  • Le résultat moyen est 10 sur 14
Statistiques - réponses
Par images Réponse % Correct
Big Thunder Mountain
95%
Star Wars Hyperspace Mountain
89%
Phantom Manor
87%
Ratatouille : L’Aventure Totalement Toquée de Rémy​
83%
Indiana Jones et le Temple du Péril
80%
It's a small world
80%
Pirates of the Caribbean
78%
Buzz Lightyear Laser Blast
76%
Peter Pan's Flight
75%
Crush's Coaster
74%
The Twilight Zone Tower of Terror
73%
Star Tours : L’Aventure Continue
53%
RC Racer
48%
Mad Hatter's Tea Cups
35%
Aucun quiz correspondant
Distribution des résultats
% des personnes avec chaque résultat
Percentile par nombre de réponses
Votre historique - résultats
Vous n’avez pas pris ce quiz